| 000 | 00581nam a2200169 i 4500 | ||
|---|---|---|---|
| 001 | 50865 | ||
| 003 | ES-MaACL | ||
| 005 | 20230906162242.0 | ||
| 007 | t| | ||
| 008 | 030807s1945 sp ||||1| spa d | ||
| 100 | 1 |
_aCurschmann, Hans. _942235 |
|
| 245 | 1 | 0 |
_aPronóstico especial de las enfermedades internas / _cJuan Curschmann ; traducción del alemán por José González-Campo de Cos. |
| 260 |
_aBarcelona : _bManuel Marín, _c1945 ( _fLa Neotipia) |
||
| 300 |
_aXV, 335 p. ; _c23 cm. |
||
| 700 | 1 |
_aGonzález-Campo de Cos, José. _958488 |
|
| 852 |
_aES-MaACL _jC-4108 _bR.23777 |
||
| 999 |
_c50865 _d50865 |
||